000 00455nam a2200145Ia 4500
008 240626s9999 xx 000 0 und d
041 _amar
100 _aकर्वे, वामन बाळकृष्ण
_9207725
245 _aचला चारधाम यात्रेला
250 _a1
260 _aपुणे
_bस्नेहल प्रकाशन
_c2014
300 _a207
500 _aHT
650 _aHeritage tourisum
_9207726
999 _c358865
_d358865